000 01451nam a22003497a 4500
001 689
005 20231211142321.0
020 _a9781407105864
_q(pbk.)
020 _a1407105868
_q(pbk.)
040 _aUKM
_beng
_cUKM
_dBTCTA
_dSINLB
_dYDXCP
_dOCLCF
_dOCLCO
_dOCLCQ
_dDLC
050 0 0 _aQA99
_b.P667 2008
082 0 4 _a510
_222
100 1 _aPoskitt, Kjartan.
245 1 0 _aDesperate measures /
_cKjartan Poskitt ; illustrated by Philip Reeve.
260 _aLondon :
_bScholastic,
_c2008.
300 _a176 pages :
_billustrations ;
_c20 cm.
490 1 _aMurderous maths
500 _aOriginally published: 2000.
505 _aU
520 _aFind out about how maths could help you rescue someone in deadly peril, how not to shoot yourself with a cannon, and meet famous mathematicians who were really hard. And watch out for One Finger Jimmy, Chainsaw Charlie and their gangster friends, who are living proof that maths can be murderous.
521 _a1000
_bLexile
521 _aU
_bRaz-Plus
650 0 _aMathematics
_vMiscellanea
_vJuvenile literature.
650 0 _aMathematics
_vJuvenile humor.
650 7 _aMathematics.
_2fast
_0(OCoLC)fst01012163
655 7 _aHumor.
_2fast
_0(OCoLC)fst01423696
655 7 _aJuvenile works.
_2fast
_0(OCoLC)fst01411637
655 7 _aMiscellanea.
_2fast
_0(OCoLC)fst01423854
700 1 _aReeve, Philip.
_cillustrator.
906 _a7
_bcbc
_ccopycat
_d2
_encip
_f20
_gy-gencatlg
942 _2ddc
_cBK
_n0
999 _c689
_d689